000 00819nam a22002297a 4500
005 20160401105950.0
010 _a1516ENO7 ENG-114559
020 _a9789350717004
_c395.00
035 _aEN-98091
035 _aB-606675-691
037 _adpl
_bVariety/Ven
037 _bDBAD/PUB
082 _a657.48
100 _a-Rustagi, R.P.
245 _aTaxmann's fundamentals of financial management /
_cby R.P. Rustagi
250 _a10th ed
260 _aNew Delhi
_bTaxmann Publications
_c2015
270 _a59/32,New Rohtak Road,
_bNewDelhi
_e110005
_k+91-11-45562222
_l-
_m-
300 _aI-24,378p.
_c26cm(pbk)
942 _2ddc
_cEN
_mRUS
_h657.48
999 _c95870
_d95870